[Event "Sucre op 7th"]
[Site "Sucre"]
[Date "2023.12.07"]
[Round "1"]
[White "Filipps, Yamil"]
[Black "Contreras Yanque, Alexis Raul"]
[Result "1-0"]
[WhiteElo "2050"]
[BlackElo "1226"]
[PlyCount "108"]
[EventDate "2023.12.07"]
[EventType "swiss"]
[EventRounds "7"]
[EventCountry "BOL"]
[SourceTitle "CB51_2023"]
[SourceDate "2023.12.20"]
[SourceVersion "1"]
[SourceVersionDate "2023.12.20"]
[SourceQuality "1"]

1. d4 d5 2. Nf3 Nc6 3. Bf4 Nf6 4. e3 a6 5. c3 e6 6. Bd3 Bd6 7. Bg3 0-0 8. Nbd2 Re8 9. Ne5 Nd7 10. Bxh7+ Kxh7 11. Qh5+ Kg8 12. Qxf7+ Kh7 13. Ndf3 Bxe5 14. dxe5 Qe7 15. Ng5+ Qxg5 16. Qxe8 Nb6 17. h4 Qf5 18. h5 Bd7 19. Qg6+ Qxg6 20. hxg6+ Kxg6 21. b3 a5 22. a4 Rf8 23. Ke2 Kf5 24. f4 Be8 25. Rh7 Kg6 26. Rah1 Nd7 27. Rh8 Kf7 28. Rxf8+ Kxf8 29. Rh8+ Kf7 30. f5 Nf8 31. Rh5 g6 32. fxg6+ Kxg6 33. Rh4 Nd7 34. Rh8 Kf7 35. Rh7+ Kg6 36. Rh8 Kf7 37. Kd2 Ndxe5 38. Rh7+ Kf6 39. Rxc7 b6 40. Rb7 Nd7 41. Bc7 Ke7 42. b4 axb4 43. cxb4 Kf6 44. a5 Nde5 45. a6 Nc4+ 46. Ke2 d4 47. exd4 Bh5+ 48. Kd3 Nb2+ 49. Kc2 Nc4 50. a7 Nxa7 51. Rxa7 Ne3+ 52. Kd3 Nxg2 53. Be5+ Kf5 54. b5 Bf3 1-0